Singapore MRT and LRT Stations, chronological - Statistics

General Stats
  • This quiz has been taken 15 times
    9 since last reset
  • The average score is 130 of 219
Answer Stats
Opening Date Hint Answer % Correct
1996 February 10 NS10 Admiralty
100%
1989 November 4 EW9 Aljunied
100%
1987 November 7 NS16 Ang Mo Kio
100%
2003 January 18 SE3 Bakau
100%
1999 November 6 BP9 Bangkit
100%
2009 May 28 CC12 Bartley
100%
1989 November 4 EW5 Bedok
100%
1987 November 7 NS17 Bishan
100%
2009 May 28 CC15 Bishan
100%
2003 June 20 NE9 Boon Keng
100%
1990 July 6 EW27 Boon Lay
100%
1987 November 7 NS18 Braddell
100%
2010 April 17 CC2 Bras Basah
100%
2006 January 15 NE15 Buangkok
100%
1989 November 4 EW12 Bugis
100%
1990 March 10 NS2 Bukit Batok
100%
1990 March 10 NS3 Bukit Gombak
100%
1999 November 6 BP6 Bukit Panjang
100%
1988 March 12 EW21 Buona Vista
100%
2002 February 8 CG2 Changi Airport
100%
2003 June 20 NE4 Chinatown
100%
1988 November 5 EW25 Chinese Garden
100%
1990 March 10 NS4 Choa Chu Kang
100%
1999 November 6 BP1 Choa Chu Kang
100%
1987 December 12 NS25/ EW13 City Hall
100%
2003 June 20 NE5 Clarke Quay
100%
1988 March 12 EW23 Clementi
100%
1988 March 12 EW20 Commonwealth
100%
2003 January 18 SE1 Compassvale
100%
2005 January 29 PE3 Coral Edge
100%
2005 January 29 PE1 Cove
100%
1987 December 12 NS24 Dhoby Ghaut
100%
2003 June 20 NE6 Dhoby Ghaut
100%
2010 April 17 CC1 Dhoby Ghaut
100%
2001 October 18 EW22 Dover
100%
2010 April 17 CC3 Esplanade
100%
1989 November 4 EW7 Eunos
100%
2001 January 10 CG1 Expo
100%
1999 November 6 BP10 Fajar
100%
2007 November 15 SW2 Farmway
100%
2003 June 20 NE8 Farrer Park
100%
2005 January 29 SW5 Fernvale
100%
2003 June 20 NE1 Harbourfront
100%
2003 June 20 NE14 Hougang
100%
1999 November 6 BP12 Jelapang
100%
2009 February 28 EW29 Joo Koon
100%
1988 November 5 EW24/ NS1 Jurong East
100%
2005 January 29 PE5 Kadaloor
100%
1989 November 4 EW10 Kallang
100%
2003 January 18 SE4 Kangkar
100%
1999 November 6 BP3 Keat Hong
100%
1989 November 4 EW6 Kembangan
100%
1988 December 20 NS14 Khatib
100%
2003 June 20 NE13 Kovan
100%
1996 February 10 NS7 Kranji
100%
1988 November 5 EW26 Lakeside
100%
1989 November 4 EW11 Lavender
100%
2005 January 29 SW6 Layar
100%
2003 June 20 NE7 Little India
100%
2009 May 28 CC14 Lorong Chuan
100%
1989 November 4 NS27 Marina Bay
100%
1996 February 10 NS8 Marsiling
100%
2009 May 28 CC16 Marymount
100%
2005 January 29 PE2 Meridian
100%
1987 December 12 NS21 Newton
100%
1987 December 12 NS20 Novena
100%
2007 June 15 PE6 Oasis
100%
1987 December 12 NS22 Orchard
100%
1987 December 12 EW16 Outram Park
100%
2003 June 20 NE3 Outram Park
100%
1989 December 16 EW1 Pasir Ris
100%
1989 November 4 EW8 Paya Lebar
100%
1999 November 6 BP8 Pending
100%
1999 November 6 BP7 Petir
100%
1999 November 6 BP5 Phoenix
100%
2009 February 28 EW28 Pioneer
100%
2003 June 20 NE10 Potong Pasir
100%
2010 April 17 CC4 Promenade
100%
2003 June 20 NE17 Punggol
100%
2005 January 29 PTC Punggol
100%
1988 March 12 EW19 Queenstown
100%
1987 December 12 NS26/ EW14 Raffles Place
100%
2003 January 18 SE5 Ranggung
100%
1988 March 12 EW18 Redhill
100%
2005 January 29 SW8 Renjong
100%
2005 January 29 PE4 Riviera
100%
2003 January 18 SE2 Rumbia
100%
1999 November 6 BP11 Segar
100%
1996 February 10 NS11 Sembawang
100%
2003 January 18 STC Sengkang
100%
2003 June 20 NE16 Sengkang
100%
1999 November 6 BP13 Senja
100%
2003 June 20 NE12 Serangoon
100%
2009 May 28 CC13 Serangoon
100%
1989 December 16 EW3 Simei
100%
1987 December 12 NS23 Somerset
100%
1999 November 6 BP2 South View
100%
1989 December 16 EW2 Tampines
100%
1989 November 4 EW4/ CG Tanah Merah
100%
1987 December 12 EW15 Tanjong Pagar
100%
1999 November 6 BP4 Teck Whye
100%
1999 November 6 BP14 (Closed) Ten Mile Junction
100%
2005 January 29 SW4 Thanggam
100%
1988 March 12 EW17 Tiong Bahru
100%
1987 November 7 NS19 Toa Payoh
100%
2005 January 29 SW7 Tongkang
100%
1996 February 10 NS9 Woodlands
100%
1996 February 10 NS5 Yew Tee
100%
1987 November 7 NS15 Yio Chu Kang
100%
1988 December 20 NS13 Yishun
100%
2012 January 14 CE1 Bayfront
50%
2013 December 22 DT16 Bayfront
50%
2015 December 27 DT5 Beauty World
50%
2011 October 8 CC19 Botanic Gardens
50%
2013 December 22 DT14 Bugis
50%
2015 December 27 DT1 Bukit Panjang
50%
2011 October 8 CC22 Buona Vista
50%
2011 October 8 CC17 Caldecott
50%
2015 December 27 DT2 Cashew
50%
2013 January 1 SW1 Cheng Lim
50%
2013 December 22 DT19 Chinatown
50%
2010 April 17 CC8 Dakota
50%
2011 June 20 PE7 Damai
50%
2013 December 22 DT17 Downtown
50%
2011 October 8 CC20 Farrer Road
50%
2011 October 8 CC29 Harbourfront
50%
2011 October 8 CC25 Haw Par Villa
50%
2015 December 27 DT3 Hillview
50%
2011 October 8 CC21 Holland Village
50%
2011 October 8 CC24 Kent Ridge
50%
2015 June 27 SW3 Kupang
50%
2011 October 8 CC27 Labrador Park
50%
2010 April 17 CC10 MacPherson
50%
2012 January 14 CE2 Marina Bay
50%
2014 November 23 NS28 Marina South Pier
50%
2010 April 17 CC7 Mountbatten
50%
2014 June 29 PW5 Nibong
50%
2010 April 17 CC5 Nicoll Highway
50%
2011 October 8 CC23 one-north
50%
2011 October 8 CC26 Pasir Panjang
50%
2010 April 17 CC9 Paya Lebar
50%
2013 December 22 DT15 Promenade
50%
2014 June 29 PW7 Soo Teck
50%
2010 April 17 CC6 Stadium
50%
2014 June 29 PW6 Sumang
50%
2010 April 17 CC11 Tai Seng
50%
2013 December 22 DT18 Telok Ayer
50%
2011 October 8 CC28 Telok Blangah
50%
2011 June 20 NE11 Woodleigh
50%
2024 June 23 TE29 Bayshore
0%
2017 October 21 DT29 Bedok North
0%
2017 October 21 DT30 Bedok Reservoir
0%
2026 2H (Estimate) TE30 Bedok South
0%
2017 October 21 DT21 Bencoolen
0%
2017 October 21 DT23 Bendemeer
0%
2015 December 27 DT9 Botanic Gardens
0%
2021 August 28 TE7 Bright Hill
0%
2026 December (Estimate) RTS1 Bukit Chagar
0%
2021 August 28 TE9 Caldecott
0%
2019 November 2 NS12 Canberra
0%
2026 1H (Estimate) CC31 Cantonment
0%
2017 October 21 DT35 Expo
0%
2017 October 21 DT20 Fort Canning
0%
2022 November 13 TE22 Gardens by the Bay
0%
2017 October 21 DT24 Geylang Bahru
0%
2022 November 13 TE15 Great World
0%
2017 June 18 EW30 Gul Circle
0%
2022 November 13 TE16 Havelock
0%
2025 February 28 DT4 Hume
0%
2017 October 21 DT22 Jalan Besar
0%
2017 October 21 DT28 Kaki Bukit
0%
2024 June 23 TE24 Katong Park
0%
2026 1H (Estimate) CC30 Keppel
0%
2015 December 27 DT6 King Albert Park
0%
2021 August 28 TE5 Lentor
0%
2015 December 27 DT12 Little India
0%
2017 October 21 DT26 MacPherson
0%
2022 November 13 TE20 Marina Bay
0%
2024 June 23 TE26 Marine Parade
0%
2024 June 23 TE27 Marine Terrace
0%
2017 October 21 DT25 Mattar
0%
2022 November 13 TE18 Maxwell
0%
2021 August 28 TE6 Mayflower
0%
2022 November 13 TE12 Napier
0%
2015 December 27 DT11 Newton
0%
2022 November 13 TE14 Orchard
0%
2022 November 13 TE13 Orchard Boulevard
0%
2022 November 13 TE17 Outram Park
0%
2026 1H (Estimate) CC32 Prince Edward Road
0%
2024 December 10 NE18 Punggol Coast
0%
2016 December 29 PW3 Punggol Point
0%
2015 December 27 DT13 Rochor
0%
2016 February 29 PW1 Sam Kee
0%
2017 March 31 PW4 Samudera
0%
2022 November 13 TE19 Shenton Way
0%
2024 June 23 TE28 Siglap
0%
2015 December 27 DT7 Sixth Avenue
0%
2021 August 28 TE4 Springleaf
0%
2015 December 27 DT10 Stevens
0%
2022 November 13 TE11 Stevens
0%
2026 2H (Estimate) DT37/ TE31 Sungei Bedok
0%
2017 October 21 DT32 Tampines
0%
2017 October 21 DT33 Tampines East
0%
2017 October 21 DT31 Tampines West
0%
2024 June 23 TE25 Tanjong Katong
0%
2024 June 23 TE23 Tanjong Rhu
0%
2015 December 27 DT8 Tan Kah Kee
0%
2024 August 15 PW2 Teck Lee
0%
2017 June 18 EW31 Tuas Crescent
0%
2017 June 18 EW33 Tuas Link
0%
2017 June 18 EW32 Tuas West Road
0%
2017 October 21 DT27 Ubi
0%
2017 October 21 DT34 Upper Changi
0%
2021 August 28 TE8 Upper Thomson
0%
2020 January 31 TE2 Woodlands
0%
2020 January 31 TE1 Woodlands North
0%
2026 December (Estimate) RTS2 Woodlands North
0%
2020 January 31 TE3 Woodlands South
0%
2026 2H (Estimate) DT36 Xilin
0%
No matching quizzes found
Score Distribution
Percent of People with Each Score
Percentile by Number Answered
Your Score History
You have not taken this quiz since the last reset